Zmiernenie obchodného schodku SR je najmä výsledkom administratívneho spomalenia rastu dovozu
Znižovanie dovozu administratívno antiimportnými opatreniami. Zastaralá výrobná štruktúra - dôvod vonkajšej nevyváženosti slovenského hospodárstva. Zahraničné investície ako nutnosť na reštrukturalizáciu a vylepšenie platobnej bilancie.
Gespeichert in:
| 1. Verfasser: | |
|---|---|
| Format: | Buch |
| Sprache: | Slowakisch |
| Schlagworte: | |
| Tags: |
Keine Tags, Fügen Sie das erste Tag hinzu!
|
MARC
| LEADER | 00000nam a2200000 4500 | ||
|---|---|---|---|
| 001 | r030863 | ||
| 005 | 20230921082025.9 | ||
| 041 | 0 | |a slo | |
| 044 | |a SK | ||
| 245 | 1 | 0 | |a Zmiernenie obchodného schodku SR je najmä výsledkom administratívneho spomalenia rastu dovozu |c Peter Švec |
| 520 | |a Znižovanie dovozu administratívno antiimportnými opatreniami. Zastaralá výrobná štruktúra - dôvod vonkajšej nevyváženosti slovenského hospodárstva. Zahraničné investície ako nutnosť na reštrukturalizáciu a vylepšenie platobnej bilancie. | ||
| 610 | 2 | 0 | |a investície zahraničné |
| 610 | 2 | 0 | |a bilancia platobná |
| 610 | 2 | 0 | |a podpora vývozu |
| 610 | 2 | 0 | |a dovoz |
| 610 | 2 | 0 | |a depozitum dovozné |
| 610 | 2 | 0 | |a Slovensko |
| 610 | 2 | 0 | |a SVE |
| 100 | 1 | |a Švec, Peter | |